<?xml version="1.0" encoding="UTF-8"?><?xml-stylesheet type="text/xsl" href="static/style.xsl"?><OAI-PMH xmlns="http://www.openarchives.org/OAI/2.0/" xmlns:xsi="http://www.w3.org/2001/XMLSchema-instance" xsi:schemaLocation="http://www.openarchives.org/OAI/2.0/ http://www.openarchives.org/OAI/2.0/OAI-PMH.xsd"><responseDate>2026-04-14T02:06:49Z</responseDate><request verb="GetRecord" identifier="oai:www.recercat.cat:2117/185420" metadataPrefix="marc">https://recercat.cat/oai/request</request><GetRecord><record><header><identifier>oai:recercat.cat:2117/185420</identifier><datestamp>2025-07-17T08:14:26Z</datestamp><setSpec>com_2072_1033</setSpec><setSpec>col_2072_452950</setSpec></header><metadata><record xmlns="http://www.loc.gov/MARC21/slim" xmlns:dcterms="http://purl.org/dc/terms/" xmlns:xsi="http://www.w3.org/2001/XMLSchema-instance" xmlns:doc="http://www.lyncode.com/xoai" xsi:schemaLocation="http://www.loc.gov/MARC21/slim http://www.loc.gov/standards/marcxml/schema/MARC21slim.xsd">
   <leader>00925njm 22002777a 4500</leader>
   <datafield ind2=" " ind1=" " tag="042">
      <subfield code="a">dc</subfield>
   </datafield>
   <datafield ind2=" " ind1=" " tag="720">
      <subfield code="a">Carabí Bescós, Guillem</subfield>
      <subfield code="e">author</subfield>
   </datafield>
   <datafield ind2=" " ind1=" " tag="260">
      <subfield code="c">2018</subfield>
   </datafield>
   <datafield ind2=" " ind1=" " tag="520">
      <subfield code="a">La llegada de Le Corbusier a Madrid y Barcelona, en el año 1928, es un acontecimiento ampliamente celebrado por la prensa de ambas ciudades. Tanto en Madrid como en Barcelona las opiniones, comentarios y reacciones que provoca el evento arquitectónico son dispares, y van desde la devoción incondicional hasta la crítica más irónica. Son muchos los autores que opinan acerca del arquitecto franco-suizo, entre críticos y arquitectos, pero de todos ellos, dos son especialmente críticos y, paradójicamente, dispares en sus argumentos. &#xd;
&#xd;
Primero Luis Lacasa desde las páginas del diario El Sol, y luego Nicolau M. Rubió i Tudurí desde el diario Revista de Catalunya, se refieren a la arquitectura de Le Corbusier en clave de crítica y contra un maquinismo que está de moda y es aplaudido por gran parte de la profesión que quiere ser moderna. Unos meses más tarde de la visita de Le Corbusier a España, Lacasa publica un breve pero ácido alegato en el diario madrileño El Sol, que titula “Le Corbusier, o Américo Vespucio”. El escrito, lejos de ser condescendiente, contrapone desde el axioma —método utilizado por Le Corbusier, insiste Lacasa—, algunas de las razones que muestran los principios de la arquitectura de Le Corbusier como reumática. En 1931, Nicolau Rubió i Tudurí publica en Revista de Catalunya, un conjunto de 7 más 14 páginas —noviembre y diciembre— con el título de “Actar. Discriminación entre las formas de quietud y movimiento en la construcción”. Dichas páginas, réplica al Vers une architecture de Le Corbusier y escritas en once capítulos ridiculizando algunos de los slogans de Le Corbusier —“ojos que no ven” por “la nariz sin olfato”—, son una declaración que define su propuesta de “Actar” como alternativa a la arquitectura, en función del movimiento.</subfield>
   </datafield>
   <datafield ind2=" " ind1=" " tag="520">
      <subfield code="a">Postprint (author's final draft)</subfield>
   </datafield>
   <datafield tag="653" ind2=" " ind1=" ">
      <subfield code="a">Àrees temàtiques de la UPC::Arquitectura::Arquitectes</subfield>
   </datafield>
   <datafield tag="653" ind2=" " ind1=" ">
      <subfield code="a">Le Corbusier</subfield>
   </datafield>
   <datafield tag="653" ind2=" " ind1=" ">
      <subfield code="a">Lacasa</subfield>
   </datafield>
   <datafield tag="653" ind2=" " ind1=" ">
      <subfield code="a">Rubió i Tudurí</subfield>
   </datafield>
   <datafield tag="653" ind2=" " ind1=" ">
      <subfield code="a">Maquinismo</subfield>
   </datafield>
   <datafield tag="653" ind2=" " ind1=" ">
      <subfield code="a">Racionalismo</subfield>
   </datafield>
   <datafield tag="653" ind2=" " ind1=" ">
      <subfield code="a">Funcionalismo</subfield>
   </datafield>
   <datafield tag="653" ind2=" " ind1=" ">
      <subfield code="a">Lacasa Navarro, Luis</subfield>
   </datafield>
   <datafield tag="653" ind2=" " ind1=" ">
      <subfield code="a">Rubió i Tudurí, Marià, -- 1896-1962</subfield>
   </datafield>
   <datafield tag="653" ind2=" " ind1=" ">
      <subfield code="a">Le Corbusier, -- 1887-1965 -- Crítica i interpretació</subfield>
   </datafield>
   <datafield ind2="0" ind1="0" tag="245">
      <subfield code="a">Contra el maquinismo de Le Corbusier. Dos posiciones antagónicas: Lacasa desde Madrid; Rubió i Tudurí desde Barcelona</subfield>
   </datafield>
</record></metadata></record></GetRecord></OAI-PMH>